| 000 | 01756nam a22002657a 4500 | ||
|---|---|---|---|
| 999 |
_c22216 _d22216 |
||
| 003 | AR-CdUCM | ||
| 008 | 190425b ||||| |||| 00| 0 spa d | ||
| 040 |
_aMUNICIPALIDAD PROVINCIAL DEL CUSCO _cBIBLIOTECA MUNICIPAL DEL CUSCO |
||
| 082 | _aQollana/N°5/1997 | ||
| 245 |
_aQollana : _brevista de Antropología / _cJulio Edmundo Olivera L, Director |
||
| 260 |
_aCusco. _bQollana, _c1997. |
||
| 300 |
_a60 páginas. : _bilustraciones ; _c30 cm. |
||
| 440 |
_aQollana. _nAño5,N°5, octubre, noviembre 1997. _947664 |
||
| 505 | _aContenido: Qosqo testimonio de la Historia. -- Historia de las artes cusqueñas. -- Arte popular cusqueño. -- La identidad como construcción. -- Cusco y la poesía. -- Origen o procedencia y actual existencia de los gobernantes cusqueños. -- Don Faustino Espinoza N. -- Museo Inka del Cusco. -- La chicha en el Inti Raymi. -- A propósito del Escudo del Cusco. -- Cielo Serrano. -- Museo Inka. -- La vivienda en la tecnología Machiguenga. -- Hablando de endoculturación. -- Reflexiones del trabajo con mujeres campesinas y el programa de crédito. -- A quien beneficia el Ecodesarrollo. -- Desarrollo y Post Guerra. -- Relaciones socio económicas de la calle Marques del Cusco. -- Patrón Santiago antiguo Dios de los Incas. -- Disco Echenique o Escudo del Cusco. -- No es Inka no es sol...tampoco es del Cuzco. -- A propósito del Escudo del Cusco. | ||
| 650 |
_aCultura andina _947570 |
||
| 650 |
_aArquitectura Inka _945226 |
||
| 650 |
_aArqueología cusqueña _99322 |
||
| 650 |
_aSiglo XX _947561 |
||
| 700 |
_aFlores Ochoa, Jorge _92915 |
||
| 700 |
_aRoca Wallparimachi, Demetrio _96182 |
||
| 700 |
_aCalvo Calvo, Rossano _944156 |
||
| 700 |
_aBarreda Murillo, Luis _931369 |
||
| 942 |
_2ddc _cPP |
||
| 945 | _arac | ||